| 000 | 04561nam0a2200433 4500 | ||
|---|---|---|---|
| 001 | RU\NLR\BIBL_A\012854511 | ||
| 005 | 20220809134614.0 | ||
| 010 |
_a978-5-6046898-3-7 _9100 |
||
| 021 |
_aRU _bКН-П-22-030627 _9КН-П-22-2605 |
||
| 035 | _a(NLR Aleph) 012854511 | ||
| 035 | _a(RuMoRGB)011071217 | ||
| 090 |
_a12438151 _c12438151 |
||
| 100 | _a20220726d2021 k y0rusy50 ca | ||
| 101 | 0 |
_arus _deng |
|
| 102 | _aRU | ||
| 105 | _aa z 100zy | ||
| 181 | 0 |
_ai3 _baxxe |
|
| 182 | 0 | _an | |
| 200 | 1 |
_aИскусство и дизайн: история и практика _eматериалы VI Всероссийской научно-практической конференции, 29 мая 2021 г _eсборник научных статей _fМинистерство науки и высшего образования Российской Федерации, Федеральное государственное бюджетное образовательное учреждение высшего образования Санкт-Петербургская государственная художественно-промышленная академия имени А. Л. Штиглица _gсоставитель: П. Н. Ковалев _gнаучный редактор: М. Е. Орлова-Шейнер, Р. А. Бахтияров |
|
| 203 |
_aТекст _bвизуальный _cнепосредственный |
||
| 210 |
_aСанкт-Петербург _cСПГХПА _d2021 |
||
| 215 |
_a519 с. _cил., цв. ил. _d20 |
||
| 300 | _aРез. англ. | ||
| 320 | _aБиблиогр. в конце ст. | ||
| 330 | _aВ сборник вошли материалы VI Всероссийской научно-практической конференции "Искусство и дизайн: история и практика". Насыщенная научная программа конференции включает темы, посвященные архитектуре открытых и закрытых пространств, изобразительному и декоративно-прикладному искусству, истории становления и современной практике дизайна, его проблемам и перспективам развития. Рассматриваются современные тенденции в графическом дизайне и визуальных коммуникациях, синтез искусств в художественной экспозиции, традиции и новации в обучении студентов творческих вузов и многие другие актуальные темы в области архитектуры, искусства и дизайна. В 2021 году конференция проводилась в соответствии с мерами по снижению рисков распространения новой коронавирусной инфекции в образовательных организациях высшего образования и проходила в различных форматах: очном, дистанционном и заочном | ||
| 606 | 1 |
_aИскусство _jСъезды, совещания и т.п _2nlr_sh2 _3RU\NLR\AUTH\6626297 |
|
| 606 | 1 |
_aХудожественное образование _jСъезды, совещания и т.п. _2nlr_sh2 _3RU\NLR\auth\66171892 |
|
| 675 |
_a7.01(082) _v4 |
||
| 686 | 1 | _aЧ459.7я431 | |
| 686 | 1 | _aЩ,0я431 | |
| 702 | 1 |
_aОрлова-Шейнер _bМ. Е. _gМария Евгеньевна _3RU\NLR\AUTH\770229516 _4340 |
|
| 702 | 1 |
_aКовалев _bП. Н. _cдизайнер, проектирование интерьеров _gПавел Николаевич _3RU\NLR\AUTH\770165737 _4220 |
|
| 711 | 1 | 2 |
_a"Искусство и дизайн: история и практика", всероссийская научно-практическая конференция _d6 _f2021 _eСанкт-Петербург _3RU\NLR\AUTH\880569383 |
| 712 | 0 | 2 |
_aСанкт-Петербургская государственная художественно-промышленная академия им. А. Л. Штиглица _3RU\NLR\AUTH\8810015341 _4475 |
| 942 | _cBOOK | ||
| 980 | _aNB | ||